Normal view
MARC view
- SOFTWARE NUST ACC NO-30437
Entry Topical Term
001 - CONTROL NUMBER
- control field: 73943
003 - CONTROL NUMBER IDENTIFIER
- control field: NUST
005 - DATE AND TIME OF LATEST TRANSACTION
- control field: 20210628205116.0
008 - FIXED-LENGTH DATA ELEMENTS
- fixed length control field: 210628|| aca||aabn | a|a d
040 ## - CATALOGING SOURCE
- Original cataloging agency: NUST
- Transcribing agency: NUST
150 ## - HEADING--TOPICAL TERM
- Topical term or geographic name entry element: SOFTWARE NUST ACC NO-30437
670 ## - SOURCE DATA FOUND
- Source citation: Work cat.: (NUST): Antonije R. Djordjevic Darko D. Cvetkovic Goran M. Cujic 73942, Multilin for windows circuit analysis models for multiconductor transmission lines
